000 00667nam a2200241 i 4500
001 92661
003 ES-MaACL
005 20250710062726.0
007 t|
008 050413s2002 fr ||||1| fre d
020 _a2-13-041430-3
080 _a57.086.2/.3
100 1 _aFrançon, Maurice.
_952284
245 1 3 _aLa microscopie /
_cMaurice Françon.
250 _a1ª ed.
260 _aParis :
_bPresses Universitaires de France,
_c1988.
300 _a119 p. :
_bil. ;
_c18 cm.
490 1 _aQue sais-je? ;
_v453
650 1 4 _aMicroscopía.
_915032
830 0 0 _aQue sais-je?
_v453
_9180931
852 _aES-MaACL
_jE-10958
_bR.135809
999 _c92661
_d92661